000 00631nam a2200229Ia 4500
003 OSt
005 20220928111130.0
006 a|||||r|||| 00| 0
007 ta
008 220927b |||||||| |||| 00| 0 eng d
024 _a50018
037 _cTextual
040 _aSDCL
_cSDCL
_beng
041 _2eng
_aeng
082 _aO44vn, L5
100 _aGowen Herbert H
_9421605
245 0 _aHistory of Indian literature (from vedic times to the present day).
260 _aDelhi
_bSeem Publications
_c1975
300 _a593p
_ccm.
942 _hO44vn, L5
_cTEXL
_2CC
999 _c737918
_d737918